000 00338nam a2200133Ia 4500
008 240624s9999 xx 000 0 und d
041 _aeng
082 _a031 SAF
100 _a#N/A
245 _aNEW ENCYCLOPAEDIA BRITANNICA MACROPAEDIA XXVII
250 _a(15th ed.)
260 _c2003
_aChicago
_bEncyclopaedia Britannica
300 _a1026
999 _c1351
_d1351